<?xml version="1.0" encoding="UTF-8"?><?xml-stylesheet type="text/xsl" href="static/style.xsl"?><OAI-PMH xmlns="http://www.openarchives.org/OAI/2.0/" xmlns:xsi="http://www.w3.org/2001/XMLSchema-instance" xsi:schemaLocation="http://www.openarchives.org/OAI/2.0/ http://www.openarchives.org/OAI/2.0/OAI-PMH.xsd"><responseDate>2026-06-03T14:36:59Z</responseDate><request verb="GetRecord" identifier="oai:riuma.uma.es:10630/31344" metadataPrefix="marc">https://riuma.uma.es/rest/oai/request</request><GetRecord><record><header><identifier>oai:riuma.uma.es:10630/31344</identifier><datestamp>2026-02-03T11:28:06Z</datestamp><setSpec>com_10630_2254</setSpec><setSpec>col_10630_37953</setSpec></header><metadata><record xmlns="http://www.loc.gov/MARC21/slim" xmlns:dcterms="http://purl.org/dc/terms/" xmlns:doc="http://www.lyncode.com/xoai" xmlns:xsi="http://www.w3.org/2001/XMLSchema-instance" xsi:schemaLocation="http://www.loc.gov/MARC21/slim http://www.loc.gov/standards/marcxml/schema/MARC21slim.xsd">
   <leader>00925njm 22002777a 4500</leader>
   <datafield ind2=" " ind1=" " tag="042">
      <subfield code="a">dc</subfield>
   </datafield>
   <datafield ind2=" " ind1=" " tag="720">
      <subfield code="a">Nieto Jiménez, José Carlos</subfield>
      <subfield code="e">author</subfield>
   </datafield>
   <datafield ind2=" " ind1=" " tag="260">
      <subfield code="c">2020</subfield>
   </datafield>
   <datafield ind2=" " ind1=" " tag="520">
      <subfield code="a">Estas líneas contienen una recensión del libro El Gobierno hiperminoritario (y&#xd;
su relación con el Parlamento), del profesor David Giménez Glück. El libro analiza&#xd;
al Gobierno hiperminoritario como nuevo actor político en España, así como su&#xd;
impacto en el procedimiento legislativo y en la función de control del Parlamento.&#xd;
Incluye además interesantes y útiles propuestas para resolver los problemas causados&#xd;
por el Gobierno hiperminoritario en su relación con el Parlamento.</subfield>
   </datafield>
   <datafield ind1="8" ind2=" " tag="024">
      <subfield code="a">Recensión de GIMÉNEZ GLÜCK, David (2019): El Gobierno hiperminoritario (y su relación con el Parlamento), Valencia, Tirant Lo Blanch, 167 págs. En Anuario Parlamento y Constitución, núm. 21, Cortes de Castilla-La Mancha, Universidad de Castilla-La Mancha; págs. 273-283.</subfield>
   </datafield>
   <datafield ind1="8" ind2=" " tag="024">
      <subfield code="a">2695-9909</subfield>
   </datafield>
   <datafield ind1="8" ind2=" " tag="024">
      <subfield code="a">https://hdl.handle.net/10630/31344</subfield>
   </datafield>
   <datafield tag="653" ind2=" " ind1=" ">
      <subfield code="a">Derecho constitucional - España</subfield>
   </datafield>
   <datafield tag="653" ind2=" " ind1=" ">
      <subfield code="a">Procedimiento parlamentario</subfield>
   </datafield>
   <datafield tag="653" ind2=" " ind1=" ">
      <subfield code="a">España. Cortes Generales. Congreso - Reglamentos y procedimiento</subfield>
   </datafield>
   <datafield ind2="0" ind1="0" tag="245">
      <subfield code="a">Recensión de GIMÉNEZ GLÜCK, David (2019): El Gobierno hiperminoritario (y su relación con el Parlamento), Valencia, Tirant Lo Blanch, 167 págs.</subfield>
   </datafield>
</record>
</metadata></record></GetRecord></OAI-PMH>